Vainqueurs de la Ligue des Champions et Ballon d'Or par année - Statistiques

Statistiques générales
  • Ce quiz a été pris 1 159 fois
  • Le résultat moyen est 98 sur 134
Statistiques - réponses
Réponse % Correct
Cristiano Ronaldo
98%
Lionel Messi
98%
Ronaldo
96%
Karim Benzema
95%
Luka Modric
95%
Real Madrid
95%
FC Barcelone
94%
Bayern Münich
92%
Manchester City
92%
Chelsea
91%
Liverpool
91%
Manchester United
91%
Zinédine Zidane
91%
Kaka
90%
AC Milan
89%
Inter Milan
89%
Ronaldinho
86%
Olympique de Marseille
85%
FC Porto
82%
Juventus
81%
Borussia Dortmund
80%
Fabio Cannavaro
80%
Michel Platini
80%
Ajax Amsterdam
77%
Nottingham Forest
73%
Benfica Lisbonne
72%
Jean-Pierre Papin
68%
Johan Cruyff
68%
Johan Cruyff
67%
Andriy Chevtchenko
66%
Pavel Nedved
66%
Rivaldo
66%
Etoile Rouge de Belgrade
65%
Luis Figo
65%
Marco van Basten
65%
Michael Owen
64%
PSV Eindhoven
63%
Alfredo Di Stefano
58%
Aston Villa
58%
Lev Yachine
56%
Raymond Kopa
56%
Celtic Glasgow
55%
Ruud Gullit
54%
Franz Beckenbauer
50%
George Weah
50%
Hambourg SV
50%
Eusebio
49%
Feyenoord Rotterdam
48%
Gerd Müller
44%
Roberto Baggio
42%
Bobby Charlton
39%
Steaua Bucarest
39%
Matthias Sammer
37%
Hristo Stoitchkov
35%
Lothar Matthaüs
35%
George Best
34%
Luis Suarez
33%
Stanley Matthews
31%
Karl-Heinz Rummenigge
27%
Paolo Rossi
24%
Kevin Keegan
23%
Igor Belanov
17%
Denis Law
15%
Florian Albert
13%
Gianni Rivera
13%
Allan Simonsen
12%
Oleg Blokhine
12%
Josef Masopust
11%
Omar Sivori
11%
Aucun quiz correspondant
Distribution des résultats
% des personnes avec chaque résultat
Percentile par nombre de réponses
Votre historique - résultats
Vous n’avez pas pris ce quiz